000 00719nam a2200193Ia 4500
003 Ost
005 20260507075706.0
008 260507s9999||||xx |||||||||||||| ||und||
020 _a9789947600207
040 _cfsecg
041 _aara
082 _a339.52
100 _aالموسوي، ضياء مجيد
_eمؤلف
245 0 _aإدارة السياسات الاقتصادية /
_c ضياء مجيد الموسوي
260 _aالجزائر:
_bمؤسسة كنوز الحكمة للنشر والتوزيع,
_c2017
300 _a104 صفحة؛
_c23 سم
520 _aإدارة السياسة المالية-إدارة السياسة النقدية-إدارة سياسة سعر الصرف
942 _cكتاب
999 _c45872
_d45872